Mahathir di sebalik tabir

Bibliographic Details
Main Author: Zainuddin Maidin , 1938- (Author)
Format: Book
Published: Kuala Lumpur : Utusan , 1994
Subjects:

MARC

LEADER 00000cam a2200000 7i4500
001 0000000850
005 20211230093000.0
008 021118n
020 |a 9676104841 
090 0 0 |a DS597.215.M23   |b Z2 
100 0 |a Zainuddin Maidin ,   |d 1938- ,   |e author 
245 0 0 |a Mahathir di sebalik tabir   |c Zainudin Maidin 
260 2 |a Kuala Lumpur :   |b Utusan ,   |c 1994 
300 |a xi, 347 p. ; ;   |c 219 cm. 
600 0 0 |a Mahathir Mohamad ,   |c Tun ,   |d 1925- 
650 0 |a Prime ministers   |z Malaysia 
999 |a 1000000964   |b Book   |c OPEN SHELF (30 DAYS)   |e Gong Badak Campus